Diseñar hoy : hacia una dimensión más humana del diseño /

Detalles Bibliográficos
Autor principal: Cáceres, Milton (Autor)
Formato: Electrónico eBook
Lenguaje:español
Publicado: Cuenca, Ecuador : Universidad del Azuay, 2016.
Materias:
Acceso en línea:Digitalia Hispánica

MARC

LEADER 00000nam a2200000 i 4500
001 DIGUAZUAY0011
003 NyNyDIG
007 cr |||||||||||
008 240219s2016 ec ao ob 100 0 spa d
006 m o d
035 |a (OCoLC)1423251662 
040 |a DGITA  |b eng  |e rda  |e pn  |c DGITA 
020 |z 9789978325483 
050 1 4 |a NK1520 ebook 
245 0 0 |a Diseñar hoy :  |b hacia una dimensión más humana del diseño /  |c autores, Milton Cáceres [and 6 others]. 
264 1 |a Cuenca, Ecuador :  |b Universidad del Azuay,  |c 2016. 
300 |a 1 online resource :  |b color illustrations, color photographs. 
336 |a text  |b txt  |2 rdacontent 
337 |a computer  |b c  |2 rdamedia 
338 |a online resource  |b cr  |2 rdacarrier 
347 |a text file  |2 rdaft 
347 |b PDF 
500 |a "Memorias del tercer encuentro nacional de diseño Universidad del Azuay, Facultad de Diseño, Noviembre 2014". 
504 |a Includes bibliographical references. 
588 0 |a Online resource; title from PDF title page (Digitalia, viewed February 19, 2024) 
650 0 |a Design  |x Human factors  |v Congresses. 
650 0 |a Design  |x Social aspects  |v Congresses. 
650 0 |a Human engineering  |v Congresses. 
700 1 |a Cáceres, Milton,  |e author. 
791 2 |a Digitalia (Firm),  |e distributor. 
793 0 |g Digitalia eBook Collection:  |a Universidad del Azuay 
776 0 8 |i Print version:  |t Diseñar hoy.  |d Cuenca, Ecuador : Universidad del Azuay, [2016]  |z 9789978325483 
856 4 0 |3 Digitalia Hispánica  |u https://www.digitaliapublishing.com/a/133394/ 
910 |a Premium collection: 2024